000 00350 a2200169 4500
001 181073
020 _a85-85672-38-2
040 _cMagnum
100 _aCunha, Leo
240 1 0 _aLições de girafa
_lpor
245 1 0 _aLições de girafa
300 _a19
362 0 _a2000
440 1 _aMiguilim
697 _aLITERATURA INFANTO
942 _cBK
999 _c181073
_d181073